|
|
|
|
| LEADER |
00000nab a2200000 a 4500 |
| 001 |
vtls000929637 |
| 003 |
SK-MaSNL |
| 005 |
20260319073727.0 |
| 008 |
040720e20030502xo 0 hun |
| 035 |
|
|
|a KE38514
|
| 040 |
|
|
|a KEVKJB
|b slo
|c KEVKJB
|e AACR2
|
| 041 |
0 |
|
|a slo
|
| 044 |
|
|
|a xo
|c SK
|
| 080 |
|
|
|a 894.511(437.6)
|2 1981
|
| 080 |
|
|
|a 061.7
|2 1981
|
| 100 |
1 |
|
|a Jakab, István,
|d 1928-
|4 aut
|9 103108
|
| 245 |
1 |
0 |
|a Nosztalgikus sorok a Kazinczy-napokról és a beszédversenyről
|b nem csodálkozhatunk azon, hogy nemigen tudnak ma már tájékoztatást nyújtani a verseny fejlődéséről még azok sem, akik...
|
| 611 |
1 |
7 |
|a Kazinczyho dni jazykovej kultúry, Košice
|2 KEVKJB
|9 882658
|
| 650 |
0 |
7 |
|a dejiny
|2 KEVKJB
|9 3825
|
| 651 |
|
7 |
|a Košice (Slovensko)
|2 KEVKJB
|9 18694
|
| 651 |
|
7 |
|a KE,
|2 KEVKJB
|9 877256
|
| 655 |
|
7 |
|a periodikum
|2 snkbucl
|9 29553
|
| 773 |
0 |
8 |
|t Új Szó
|g Roč. 56
|g Roč. 28, č.100, 2.5.2003, s. 13
|
| 852 |
|
|
|a ZVYKNI
|b KIS3GCP
|
| 999 |
|
|
|c 1668721
|d 1670651
|